Music Quiz

Random Music or Artist Quiz

Best Songs (2000s) Quiz Stats

 Plays Quiz Updated Mar 13, 2017

     
Support Sporcle.
Go Orange.
Score 0/168 Timer 20:00
49 Plays Today
Artist % Correct
Rihanna ft. Jay-Z
92.7%
Black Eyed Peas
89.4%
Britney Spears
89.4%
Britney Spears
89.4%
Black Eyed Peas
89.4%
Black Eyed Peas
89.4%
Jay-Z ft Alicia Keys
89.2%
T.I. ft. Justin Timberlake
85.9%
Katy Perry
85.1%
Coldplay
84.5%
Coldplay
84.5%
Coldplay
84.5%
Coldplay
84.5%
Linkin Park/Jay-Z
84%
Jay-Z
83.5%
Eminem
82.9%
Eminem
82.9%
Justin Timberlake
81%
Green Day
80.6%
Beyoncé
80.4%
Kanye West
79.7%
Rihanna
77.6%
Nelly
77.2%
Nelly
77.2%
Lady Gaga
75.3%
Shakira
75.1%
The Killers
74.4%
The Killers
74.4%
The Killers
74.4%
The Killers
74.4%
OutKast
74.2%
OutKast
74.2%
Kelly Clarkson
74%
Maroon 5
73.6%
Maroon 5
73.6%
50 Cent
72.9%
Gwen Stefani
72.7%
R Kelly
72.7%
Blink 182
71.7%
Fergie
70.9%
Linkin Park
70.8%
Linkin Park
70.8%
Usher
69.9%
Usher
69.9%
Taylor Swift
69.8%
Pussycat Dolls
68.5%
Kings Of Leon
68%
Kings Of Leon
68%
Red Hot Chili Peppers
67.7%
Red Hot Chili Peppers
67.7%
Red Hot Chili Peppers
67.7%
Red Hot Chili Peppers
67.7%
Avril Lavigne
67.1%
Avril Lavigne
67.1%
Alicia Keys
66.1%
Alicia Keys
66.1%
Artist % Correct
The Fray
65.3%
Jay Sean
63.9%
Plain White T's
63.8%
Timbaland ft OneRepublic
63.7%
Gorillaz
63.5%
Gorillaz
63.5%
P!nk
63.4%
Snoop Dogg
62.2%
Nelly Furtado ft Timbaland
62.2%
Weezer
62%
Weezer
62%
Weezer
62%
Jason Mraz
60.1%
U2
59.8%
Fall Out Boy
59.5%
James Blunt
58.9%
White Stripes
58.6%
White Stripes
58.6%
The White Stripes
58.6%
Owl City
58.4%
Leona Lewis
58%
Nickelback
57.3%
Carrie Underwood
56.9%
M.I.A.
56.9%
Train
56.6%
Shaggy ft Rik Rok
56.3%
Soulja Boy Tell'em
56.3%
Snow Patrol
56.2%
Evanescence
56.1%
Evanescence
56.1%
Lil Wayne
53.5%
Jet
53.1%
Foo Fighters
52.2%
Foo Fighters
52.2%
Foo Fighters
52.2%
Foo Fighters
52.2%
Sean Kingston
51.5%
Sean Paul
51.1%
Sean Paul
51.1%
Natasha Bedingfield
50%
Muse
49.5%
Muse
49.5%
Muse
49.5%
Muse
49.5%
Weird Al Yankovic
49%
Christina Aguilera
47.7%
Flo Rida
47.3%
John Mayer
47.3%
Ciara
46.2%
Chris Brown
46%
Mariah Carey
45.7%
Vanessa Carlton
45.6%
Destiny's Child
45.4%
Pitbull
43.8%
Fountains Of Wayne
43.7%
Daft Punk
43.4%
Artist % Correct
Franz Ferdinand
42.7%
Good Charlotte
42.1%
Bowling For Soup
41.9%
Alien Ant Farm
41.5%
Counting Crows
41.2%
Creed
41.1%
Hoobastank
39.7%
Akon
39.3%
Jimmy Eat World
38.8%
MGMT
38.8%
MGMT
38.8%
Kylie Minogue
38.4%
Yellowcard
38.2%
System Of A Down
37.5%
Santana ft Rob Thomas
37.3%
Modest Mouse
37.3%
Madonna
36.8%
Janet Jackson
36.4%
Ne-Yo
36.2%
Papa Roach
36.1%
Gnarls Barkley
35.3%
Miley Cyrus
35.3%
Keane
34.8%
Three Doors Down
34.7%
Sheryl Crow
34.7%
Missy Elliott
34.3%
t.A.T.u.
32.3%
Matchbox 20
31.1%
The Ting Tings
29.9%
Johnny Cash
29.7%
Arctic Monkeys
28.6%
Death Cab For Cutie
27.1%
Vampire Weekend
25.9%
Five For Fighting
25.6%
30 Seconds To Mars
25.2%
Incubus
24.5%
Mary J Blige
24.4%
Rob Thomas
24.2%
Lonestar
24.2%
Augustana
23.6%
Faith Hill
23.5%
The Strokes
23.4%
Yeah Yeah Yeahs
21.3%
David Gray
21.3%
The Postal Service
21.2%
The Fratellis
21.1%
Cake
20.3%
Ashanti
17.2%
Queens of the Stone Age
16.6%
Shop Boyz
15.5%
Lee Ann Womack
15.2%
The Shins
13.7%
Arcade Fire
12.5%
Peter, Bjorn & John
11.6%
Yael Naim
11.5%
Silversun Pickups
11.5%

From the Vault

George Costanza: Marine Biologist

by montecarlo

We were always under the impression that he was interviewing at Vandelay Industries.
Remove Ads.
Support Sporcle.
Get the best of Sporcle when you Go Orange. This ad-free experience offers more features, more stats, and more fun while also helping to support Sporcle. Thank you for becoming a member.

Show Comments

Extras

Top Quizzes Today


Score Distribution

Your Account Isn't Verified!

In order to create a playlist on Sporcle, you need to verify the email address you used during registration. Go to your Sporcle Settings to finish the process.

Report this User

Report this user for behavior that violates our Community Guidelines.

Details: